Selected operating and financial characteristics of nursing homes, United States : 1973-74 National Nursing Home Survey /

Bibliographic Details
Main Author: Meiners, Mark R. (Author)
Corporate Author: National Nursing Home Survey (U.S.)
Format: Government Document eBook
Language:English
Published: Rockville, Md. : U.S. Department of Health, Education, and Welfare, Public Health Service, Health Resources Administration, National Center for Health Statistics, 1975.
Series:DHEW publication ; no. (HRA) 76-1773.
Vital and health statistics. Data from the National Health Survey ; no. 22.
Subjects:
Online Access:https://purl.fdlp.gov/GPO/gpo122096

MARC

Tag First Indicator Second Indicator Subfields
LEADER 00000cam a2200000 i 4500
001 in00004081069
005 20200117104746.0
006 m o d f
007 cr bn||||||ada
008 180716s1975 mdua obs f000 0 eng c
035 |a (OCoLC)on1044736592 
040 |a OCLCE  |b eng  |e rda  |e pn  |c OCLCE  |d GPO  |d MvI  |d UtOrBLW 
042 |a dlr  |a pcc 
043 |a n-us--- 
049 |a WWW 
074 |a 0500-E (online) 
086 0 |a HE 20.6209:13/22 
100 1 |a Meiners, Mark R.,  |e author.  |0 http://id.loc.gov/authorities/names/n84108485 
245 1 0 |a Selected operating and financial characteristics of nursing homes, United States :  |b 1973-74 National Nursing Home Survey /  |c Mark R. Meiners. 
264 1 |a Rockville, Md. :  |b U.S. Department of Health, Education, and Welfare, Public Health Service, Health Resources Administration, National Center for Health Statistics,  |c 1975. 
300 |a 1 online resource (iv, 66 pages) :  |b illustrations. 
336 |a text  |b txt  |2 rdacontent 
337 |a computer  |b c  |2 rdamedia 
338 |a online resource  |b cr  |2 rdacarrier 
490 1 |a Vital and health statistics. Series 13, Data from the National Health Survey ;  |v number 22 
490 1 |a DHEW publication ;  |v no. (HRA) 76-1773 
500 |a "December 1975." 
504 |a Includes bibliographical references (page 8). 
588 |a Description based on online resource, PDF version; title from cover (CDC, viewed June 5, 2019). 
650 0 |a Nursing homes  |z United States  |v Statistics.  |0 http://id.loc.gov/authorities/subjects/sh2010104074 
650 0 |a Nursing homes  |z United States  |x Finance  |v Statistics. 
650 7 |a Nursing homes.  |2 fast  |0 (OCoLC)fst01041949 
650 7 |a Nursing homes  |x Finance.  |2 fast  |0 (OCoLC)fst01041993 
651 7 |a United States.  |2 fast  |0 (OCoLC)fst01204155 
655 7 |a Statistics.  |2 fast  |0 (OCoLC)fst01423727 
655 7 |a Statistics.  |2 lcgft  |0 http://id.loc.gov/authorities/genreForms/gf2014026181 
710 2 |a National Center for Health Statistics (U.S.),  |e issuing body.  |0 http://id.loc.gov/authorities/names/n79040094 
710 2 |a National Nursing Home Survey (U.S.)  |0 http://id.loc.gov/authorities/names/n88090732 
776 0 8 |i Print version:  |a Meiners, Mark R.  |t Selected operating and financial characteristics of nursing homes, United States,1973-74 National nursing home survey  |w (DLC) 75619405  |w (OCoLC)1991775 
830 0 |a DHEW publication ;  |v no. (HRA) 76-1773.  |0 http://id.loc.gov/authorities/names/n42009070 
830 0 |a Vital and health statistics.  |n Series 13,  |p Data from the National Health Survey ;  |v no. 22.  |0 http://id.loc.gov/authorities/names/n83715769 
856 4 0 |u https://purl.fdlp.gov/GPO/gpo122096  |t 0 
999 f f |s 584e0c1f-06f8-378c-88ff-24aa08e0282d  |i 876ec3db-7c28-3d73-8975-f61344fcf24f  |t 0 
952 f f |a Texas A&M University  |b College Station  |c Electronic Resources  |d Available Online  |t 0  |e HE 20.6209:13/22  |h Superintendent of Documents classification 
998 f f |a HE 20.6209:13/22  |t 0  |l Available Online